|
|
|
|
| LEADER |
01472nam a22002657a 4500 |
| 001 |
33720 |
| 003 |
BD-DhAAL |
| 005 |
20180913125555.0 |
| 008 |
180913t2018 bg a|||| ||||f00| 0 ben d |
| 999 |
|
|
|c 40005
|d 40005
|
| 040 |
|
|
|a BD-DhAAL
|
| 082 |
|
|
|a 363.7387495492
|2 23
|
| 245 |
|
|
|a টেকসই উন্নয়নে জলবায়ু অর্থায়ন :
|b বাজেট প্রতিবেদন ২০১৮-১৯
|
| 260 |
|
|
|a ঢাকা :
|b অর্থ বিভাগ, অর্থ মন্ত্রণালয়, গণপ্রজাতন্ত্রী বাংলাদেশ সরকার,
|c ২০১৮
|
| 300 |
|
|
|a ৮৭ পৃষ্ঠা :
|b চিত্র ;
|c ২৪ সে. মি.
|
| 526 |
|
|
|a AAL
|
| 541 |
|
|
|a Development Book Agency
|e 33720
|
| 650 |
|
|
|a Climatic changes
|z Bangladesh
|9 28093
|
| 650 |
|
|
|a Climatic changes
|x Government policy
|z Bangladesh
|x Planning
|9 28095
|
| 650 |
|
|
|a Sustainable development
|z Bangladesh
|9 28096
|
| 650 |
|
|
|a Budget
|z Bangladesh
|9 28102
|
| 710 |
|
|
|a গণপ্রজাতন্ত্রী বাংলাদেশ সরকার,
|b অর্থ মন্ত্রণালয়,
|b অর্থ বিভাগ
|9 28094
|
| 852 |
|
|
|a Ayesha Abed Library
|c General Stacks
|
| 942 |
|
|
|2 ddc
|c BK
|
| 952 |
|
|
|0 0
|1 0
|2 ddc
|4 0
|6 363_738749549200000_TEK
|7 0
|9 64289
|a BRACUL
|b BRACUL
|c GEN
|d 2018-08-28
|e Development Book Agency
|g 100.00
|l 0
|o 363.7387495492 TEK
|p 3010033720
|r 2018-08-28
|t 1
|v 100.00
|w 2018-08-28
|y BK
|